| 000 | 00791nam a22002537a 4500 | ||
|---|---|---|---|
| 005 | 20170124105929.0 | ||
| 010 | _aA-576017 | ||
| 020 | _c150.00 | ||
| 035 | _aA-576017 | ||
| 037 | _bCen Lib/Ret | ||
| 040 |
_aDPL _bEN |
||
| 082 |
_a390.954 _bDUB |
||
| 100 |
_aDubois, Abbe J. A. _97711 |
||
| 245 |
_aHindu manners, customs and ceremonies / _cby Abbe J. A. Dubois; translated by Hennry K. Beauchamp |
||
| 250 | _a3rd ed. | ||
| 260 |
_aCalcutta _bRupa _c1906 |
||
| 270 |
_bCalcutta _a15, Bankim Chatterjee Street _e700073 |
||
| 300 |
_axli, 842p. _c20cm(Hb) |
||
| 500 | _aIncludes appendix and index | ||
| 650 |
_aHindu manners _97712 |
||
| 650 |
_aTraditions and customs _97713 |
||
| 700 |
_aBeauchamp, Hennry K. _973829 |
||
| 942 |
_2ddc _cEN _h390.954 _mDUB |
||
| 999 |
_c123693 _d123693 |
||